000 00557cam a2200205 4500
001 D889
008 090401t1982 xxu||||| |||| 00| 0 eng d
035 _a(Sirsi) u48744
041 _aeng
050 _a692.3
100 _aAllott, Tony
245 2 _aA common arrangement for specifications and quantities, stage 1 a study for the Co-ordinating Committee for Project Management
260 _aLondon
_bRICS
_c1982
300 _a119p. 30cm
350 _a0
700 _aAzzaro, David
700 _aVincent, Gordon
942 _n0
948 _c04/03/1997
999 _c92399
_d92399